000 nam a22 a 4500
999 _c98914
_d98914
003 BLK
005 20220527075752.0
008 180409b bul|||||r ||||||| ||bul||
010 _aKNG00103905000
040 _aBLK
041 _aBUL
_cBUL
080 _aБългарска литература
_b821.163.2
_x-1
_z821.163.2-1
100 1 _aХанчев, Веселин Симеонов
_eпърви автор
_9366474
139 _aХанчев, Веселин Симеонов
_bХ 25
245 1 0 _aЗа да останеш
_bИзбрана лирика
_cВеселин Симеонов Ханчев.
257 _aBGR
260 _bБълг. писател
_c1965
_aСофия
300 _a184 с.
_c20 см
380 _aX
852 _aЦб 36007
_bЦб
856 4 _qpdf
856 4 _qpdf
942 _cKNG
_n0
_02
_s1
944 _aCR
_c01.01.1999
_kНаталия_Медовщикова
944 _aED
_c12.10.2005
999 _d98914